Index your way to investment success /

Bibliographic Details
Main Author: Good, Walter R.
Other Authors: Hermansen, Roy W.
Format: Book
Language:English
Published: Paramus, N.J. : NYIF, [1998]
Subjects:

MARC

Tag First Indicator Second Indicator Subfields
LEADER 00000cam a2200000 a 4500
001 in00001403337
005 20151020055457.0
008 970815s1998 njua b 001 0 eng
010 |a  97039556  
020 |a 0132540207 (cloth) 
035 |a (OCoLC)37509989 
035 |9 AHN4572AM 
040 |a DLC  |c DLC  |d TXA  |d UtOrBLW 
049 |a TXAM 
050 0 0 |a HG4530  |b .G66 1998 
082 0 0 |a 332.63/27  |2 21 
100 1 |a Good, Walter R. 
245 1 0 |a Index your way to investment success /  |c Walter R. Good, Roy W. Hermansen. 
264 1 |a Paramus, N.J. :  |b NYIF,  |c [1998] 
264 4 |c ©1998 
300 |a xvii, 268 pages :  |b illustrations ;  |c 24 cm. 
336 |a text  |b txt  |2 rdacontent 
337 |a unmediated  |b n  |2 rdamedia 
338 |a volume  |b nc  |2 rdacarrier 
504 |a Includes bibliographical references and index. 
650 0 |a Mutual funds. 
653 |a Index funds. 
700 1 |a Hermansen, Roy W. 
948 |a C:BLW  |d 20030215 
999 |a MARS 
999 f f |s 43f01a5a-2679-3537-beeb-471f3303ccbb  |i a4aa2c78-87cf-3757-b54e-d2248ff70d1e  |t 0 
952 f f |p ric  |a Texas A&M University  |b Rellis Campus  |c Joint Library Facility  |d Remote Storage  |t 0  |e HG4530 .G66 1998  |h Library of Congress classification  |i unmediated -- volume  |m A14822110137 
998 f f |a HG4530 .G66 1998  |t 0  |l Remote Storage